| 000 | 01194cam a2200301 4500 | ||
|---|---|---|---|
| 001 | ABS63437 | ||
| 008 | 000000n2001 000 0 eng u | ||
| 035 | _a(Sirsi) u110789 | ||
| 100 | _aLedbury, M. | ||
| 245 | _aUrban housing: realising the potential | ||
| 260 | _c2001 | ||
| 490 |
_aUrban Environment Today _v(113) 18 January 2001, 10-11(2) |
||
| 520 | _aLooks at the guidance offered by new DETR publications on housing capacity studies and releasing sites for development and how this will enable targets set out in the revised PPG3 to be met. Notes that brownfield sites may provide only a third of the total capacity and the need to consider as many alternatives as possible including the use of empty properties, the conversion of car parks and office buildings and the subdivision of larger houses. | ||
| 590 | _aABS | ||
| 650 | _aBROWNFIELD SITES | ||
| 650 | _aCONVERSION | ||
| 650 | _aDWELLINGS | ||
| 650 | _aHOUSING | ||
| 650 | _aHOUSING CAPACITY | ||
| 650 | _aPLANNING GUIDANCE | ||
| 650 | _aPPG3 | ||
| 650 | _aRELEASE OF LAND | ||
| 650 | _aSUBDIVISION | ||
| 650 | _aURBAN HOUSING | ||
| 690 | _aHOUSING-DEVELOPMENT | ||
| 700 | _aChapman, C. | ||
| 942 | _n0 | ||
| 999 |
_c66043 _d66043 |
||